Osobitná správa č. 6 / 2008 Európskej komisie na obnovu po cunami a hurikáne Mitch (podľa článku 248 ods. 4 druhého pododseku Zmluvy o ES)

Gespeichert in:
Bibliographische Detailangaben
Körperschaft: European Court of Auditors
Format: Buch
Sprache:Slowakisch
Veröffentlicht: Luxemburg Úrad pre vydávanie úradných publikácií Európskych spoločenstiev 2008
Schlagworte:
Tags: Tag hinzufügen
Keine Tags, Fügen Sie das erste Tag hinzu!

MARC

LEADER 00000nam$a2200000$$$4500
001 0088360
005 20250825120841.4
020 |a 978-92-95009-53-0 
041 0 |a slo 
044 |a LU 
245 1 0 |a Osobitná správa č. 6 / 2008 Európskej komisie na obnovu po cunami a hurikáne Mitch  |b (podľa článku 248 ods. 4 druhého pododseku Zmluvy o ES) 
264 1 |a Luxemburg  |b Úrad pre vydávanie úradných publikácií Európskych spoločenstiev  |c 2008 
300 |a 40 s. 
610 2 0 |a audítori 
610 2 0 |a audit 
610 2 0 |a revízia účtovná 
610 2 0 |a pomoc medzinárodná 
610 2 0 |a pomoc rozvojová 
610 2 0 |a pohromy živelné 
610 2 0 |a škody 
610 2 0 |a obnova zdrojov prírodných 
610 2 0 |a obnova fondov základných 
610 2 0 |a projekty stavebné 
610 2 0 |a programy rozvojové 
610 2 0 |a Európska komisia 
610 2 0 |a Európska únia 
710 2 |a European Court of Auditors